Noem de grootste en bekendste steden en plaatsen in Flevoland - Statistieken

Algemene statistieken
  • Deze quiz is 9 keer genomen
  • De gemiddelde score is 6 van 10
Antwoordstatistieken
Antwoord % Correct
Almere
100%
Emmeloord
100%
Lelystad
100%
Urk
100%
Dronten
86%
Zeewolde
86%
Ens
14%
Biddinghuizen
0%
Marknesse
0%
Swifterbant
0%
Geen overeenkomende quizzen gevonden
Scoreverdeling
Procent van Mensen met Elke Score
Percentiel versus Aantal Correcte Antwoorden
Uw Scoregeschiedenis
U heeft deze quiz nog niet genomen